00748nam a2200241Ia 450000100060000000300090000600800410001504000130005604000130006904100130008210000190009510000290011424500370014324500880018025000110026826000110027926000090029026000490029930000550034850000370040365000350044065000310047519966IT-RoPAU130308s9999 xx 000 0 und d aIT-RoPAU cIT-RoPAU aITALIANO aEdgar Patricia gCodice Aut. SPICS: 4793 aTelevisione, famiglia e infanzia bMass Media e Famiglia-Atti del congresso internazionale (Milano, 25-29 Giugno 1981) a1a ed. aMILANO bCisf c1982 [1° Ed.:1982 - Ed.Ling.Originale:1981] a"4 p. (prefazione: no ; testo: 4 [pagine: 45-48])" aStoria dei programmi per Bambini aSAGGI DI COMUNICAZIONE SOCIALE eCodice materia Spics: 3807